Genética /

Guardado en:
Autor Principal: Sánchez-monge, Enrique
Formato: Libro
Publicado: Barcelona : Omega, 1985
Materias:
Adn
Etiquetas: Agregar Etiqueta
Sin Etiquetas, Sea el primero en etiquetar este registro!
LEADER 00563nam a22002055a 4500
001 CEM.cems016595
005 20121026151450.0
008 130507s1985##################000#0#####d
003 CEMS
082 0 4 |a 575.1 
100 1 |a Sánchez-monge, Enrique 
245 1 0 |a Genética /  |c Enrique Sánchez-monge y Nicolás Jouve 
260 |a Barcelona :  |b Omega,  |c 1985 
300 |a 501 p. 
653 |a Codigo genetico 
653 |a Fenogenesis 
653 |a Genotipos virales 
653 |a Meiosis 
653 |a Adn 
859 |a CEMS  |b BIB. CEMS - Agricultura  |h 575.1  |i Sa551  |p A18167.95  |t Ej.1